000 01186nam a22002057a 4500
003 JO-AjAnu
005 20250923092123.0
008 250921b jo ||||| |||| 00| 0 ara d
040 _aanu
_cJO-AjAnu
041 _hara
100 _aعناني، هيام قاسم عوض
_eمعد
_966640
245 _aفاعلية برنامج تدريبي قائم على القصص ثلاثية الأبعاد في تنمية مهارات الطلاقة القرائية لدى الطلبة ذوي صعوبات التعلم = The Effectiveness of a Training program Based on Three-Dimensional stories (POP UP Stories) in Developing Reading Fluency Skills among Students with Learning Disabilities
_c / اعداد هيام قاسم عوض عناني ؛ اشراف برهان حمادنة
260 _c2025
300 _a96 ورقة
500 _aرسالة جامعية (رسالة ماجستير في صعوبات التعلم) كلية العلوم التربوية - جامعة عجلون الوطنية ؛ 2025
600 _295
650 _vصعوبات التعلم-صعوبات القراءة
700 _aحمادنة، برهان محمود
_eمشرف
_966032
942 _2lcc
_cTHS
_n0
999 _c33969
_d33969